[Event "Hastings 9596"]
[Site "Hastings"]
[Date "1996.??.??"]
[Round "4"]
[White "Miles, Anthony John"]
[Black "Hodgson, Julian M"]
[Result "1-0"]
[WhiteElo "2600"]
[BlackElo "2590"]
[Annotator "Huebner,R"]
[PlyCount "75"]
[EventDate "1995.12.??"]
[EventType "tourn"]
[EventRounds "9"]
[EventCountry "ENG"]
[EventCategory "13"]
[SourceTitle "CBM 051"]
[Source "ChessBase"]
[SourceDate "1996.04.01"]
[SourceVersion "1"]
[SourceVersionDate "1996.04.01"]
[SourceQuality "1"]

1. Nf3 {Hodgson Kortschnoj} d5 2. d4 c6 3. c4 dxc4 4. e3 b5 5. a4 e6 6. axb5
cxb5 7. b3 Bb4+ 8. Bd2 Bxd2+ 9. Nbxd2 a5 10. bxc4 b4 11. Ne5 {Die
meistgespielten Fortsetzungen sind 11.c5 und 11.Ld3, aber der Textzug scheint
interessant zu sein. Zunächst droht 12.Sf7: (12.Df3 Ta7). /\ 12.N:f7, 13.Qf3+}
Nf6 12. Qa4+ {Hodgson: !Ein sehr kräftiger Zug.} Nfd7 (12... Nbd7 13. Nc6 (13.
c5 {Kortschnoj} O-O 14. Nc6 Qc7 15. Nxb4 $18) 13... Qc7 14. Nxa5 O-O 15. Be2 e5
16. O-O exd4 17. exd4 Qf4 18. Nf3 Re8 19. Rfe1 Nf8 20. Qxb4 $18 {Gonzales,
J-Remon,A, Mexico City 1991, TD 91/09.}) (12... Bd7 13. Nxd7 Nbxd7 14. c5 $16)
13. c5 O-O 14. Nec4 Nf6 (14... Bb7 $5 15. Nxa5 (15. Nb3 $2 Bc6) (15. Nd6 $5 {
Hodgson} Bc6 16. Bb5 $1 Bxg2 17. Rg1 Bh3 18. N2e4 $44) 15... Nc6 16. Ndb3 Nxa5
(16... e5 17. Nxc6 (17. Nxb7 Rxa4 18. Nxd8 Rxa1+ 19. Nxa1 Rxd8 20. d5 (20. Nb3
exd4 21. exd4 Nf6 $13) 20... Na7 (20... Na5 21. c6 Nf6 22. c7 Rc8 23. d6 {
mit der Absicht 24.La6 +-.}) (20... Ne7 21. d6 (21. c6 Nf6 22. c7 Rxd5) 21...
Nc6 22. Nb3 $16) 21. Nb3 Nf6 (21... Rc8 22. Ba6 Rc7 23. d6 Rc6 24. Bb7 $18) 22.
d6 $16) (17. Bb5 Nxa5 18. Nxa5 Bxg2 19. Rg1 Bh3 $13) 17... Rxa4 18. Nxd8 Rxa1+
19. Nxa1 Rxd8 20. Bb5 Bxg2 21. Rg1 Bd5 $13) 17. Nxa5 e5 18. Bb5 (18. c6 $2 Bxc6
19. Qxc6 Rxa5 20. Rxa5 Qxa5 21. Qxd7 b3+ $19) (18. Qxb4 exd4 19. exd4 (19. c6
Bxc6) (19. Qxb7 Rxa5) 19... Re8+ $13) 18... Bxg2 19. Rg1 Bh3 $13 {Meines
Erachtens sollte Schwarz unbedingt 14...Lb7 versuchen; nach dem Textzug steht
er schlecht.}) (14... e5 {Hodgson} 15. c6 $1 Nb6 (15... exd4 16. cxd7 Bxd7 17.
Qd1 $16) 16. Nxb6 Qxb6 17. d5 $1 $16) 15. Be2 Nd5 16. Bf3 Bd7 17. Qc2 Bb5 (
17... a4 18. O-O (18. e4 Nc3 19. Nb6 Nc6 $13) (18. Bxd5 exd5 19. Nb6 Ra6 20.
Nxd5 b3 $13) 18... Bb5 19. Rfb1 $18) 18. Nd6 Ba6 (18... Bc6 $142 {Hodgson}) 19.
N2c4 Nc6 20. O-O Qc7 21. Rfc1 Bxc4 {Es drohte 22.Lxd5 exd5 23.Sb6.} (21... Rfb8
22. Bxd5 exd5 23. Nb6 Rxb6 24. cxb6 Qxd6 25. Qxc6 Qxc6 26. Rxc6 b3 27. b7 Bxb7
28. Rb6 $18) 22. Nxc4 Nce7 23. Qb3 {<-> a,>< a5} Ra7 24. g3 Rb8 25. Kg2 h6 26.
Rc2 Nc3 {Dies kostet einen Bauern, aber ich sehe keine zureichende
Verteidigung gegen die Drohung 27.Tca2 Tba8 28.Sb6; Weiß kann auch seine
Stellung zunächst noch in aller Ruhe verstärken (mit h2-h4, zum Beispiel).
Manchmal mag auch e3-e4 in Betracht kommen.} 27. Rxa5 Rxa5 28. Nxa5 Qxa5 29.
Rxc3 bxc3 30. Qxb8+ Kh7 31. Qb7 $18 f5 32. Qxe7 c2 33. Qxe6 c1=Q 34. Qxf5+ g6
35. Qf7+ Kh8 36. Qf8+ Kh7 37. Bd5 Qh1+ 38. Kxh1 1-0

[Event "Goodricke op 13th"]
[Site "Kolkata"]
[Date "2002.03.18"]
[Round "2"]
[White "Koneru, Humpy"]
[Black "Kuzmin, Alexey"]
[Result "0-1"]
[WhiteElo "2539"]
[BlackElo "2568"]
[Annotator "Huebner,R"]
[PlyCount "54"]
[EventDate "2002.03.17"]
[EventType "swiss"]
[EventRounds "11"]
[EventCountry "IND"]
[SourceTitle "CBM 088"]
[Source "ChessBase"]
[SourceDate "2002.03.21"]
[SourceVersion "1"]
[SourceVersionDate "2002.03.21"]
[SourceQuality "1"]

1. d4 Nf6 2. g3 d5 3. Nf3 Bf5 4. Bg2 e6 5. O-O Be7 6. c4 c6 7. b3 Nbd7 8. Ba3
Bxa3 9. Nxa3 h6 10. b4 {Dies gefällt mir nicht besonders. Weiß hat keinen
anspruchsvollen Eröffnungsaufbau gewählt und sollte daher bescheiden bleiben.}
(10. Nb1 $11) 10... O-O 11. Qb3 a6 12. Nc2 $2 (12. Rac1 $11) 12... dxc4 13.
Qxc4 Nb6 14. Qb3 Qd5 15. Qb1 $2 {Hiernach ist Weiß sofort verloren. Viel zäher
ist} (15. Ne3 Qxb3 16. axb3 Nbd5 (16... Be4 {ist nicht besser:} 17. Nc4 Nbd5
18. Nd6) 17. Nxf5 exf5 18. e3 Nxb4 19. Ne5 {Weiß hat einen Bauern verloren,
aber Schwarz muß erst noch beweisen, daß sein Materialvorteil zum Sieg
ausreicht.}) 15... Qe4 $19 16. Na3 Qxe2 17. Qc1 Ne4 18. Nh4 Nd5 19. Nc4 Bh7 20.
a3 Nec3 21. Na5 Qb5 22. Qb2 b6 23. Nb3 a5 24. bxa5 Na4 25. Qa2 Ndc3 26. Qd2
Qxb3 27. Bxc6 Rxa5 0-1

[Event "Olympiad-33"]
[Site "Elista"]
[Date "1998.10.01"]
[Round "3.3"]
[White "Ionescu, Constantin"]
[Black "Morozevich, Alexander"]
[Result "1/2-1/2"]
[WhiteElo "2515"]
[BlackElo "2625"]
[Annotator "Huebner,R"]
[PlyCount "92"]
[EventDate "1998.09.29"]
[EventType "team-swiss"]
[EventRounds "13"]
[EventCountry "RUS"]
[SourceTitle "CBM 068"]
[Source "ChessBase"]
[SourceDate "1999.02.01"]
[SourceVersion "1"]
[SourceVersionDate "1999.02.01"]
[SourceQuality "1"]
[WhiteTeam "Romania"]
[BlackTeam "Russia"]
[WhiteTeamCountry "ROU"]
[BlackTeamCountry "RUS"]

1. d4 d5 2. c4 c6 3. Nf3 Nf6 4. Qc2 g6 5. Bf4 Na6 6. e3 Bf5 7. Qb3 Nb4 {
Dies ist eine prächtige Idee. Ich fürchte aber, daß sie nicht ganz gesund ist,
wenn Weiß den Mut findet, sich auf die Hauptvariante einzulassen, die in
dieser Partie Anwendung findet. Versucht wurde hier außerdem:} (7... Bxb1 $2 8.
Qxb7 Qa5+ 9. Nd2 Rd8 10. Qxc6+ Nd7 11. Qb5 Qxb5 12. cxb5 {mit entscheidendem
Vorteil für Weiß: Epishin,V-Shabalov,A, Tbilisi 1989, CBM 12.}) (7... Qb6 8.
Nbd2 Nb4 9. Rc1 Nc2+ 10. Kd1 Qxb3 11. Nxb3 Nb4 12. a3 dxc4 13. Bxc4 Nbd5 14.
Be5 $14 {Madsen,D-Grotnes,N, Namses op 1995, EXT 95 op. Es scheint, daß 7...
Db6 gut spielbar ist.}) 8. Qxb4 (8. Na3 {ist natürlich ein ganz
kaninchenhafter Zug, obwohl er in der einzigen Beispielpartie, die mir mit ihm
vorliegt, rasch zum Erfolg führte:} Qa5 9. O-O-O Ne4 10. Bg3 e5 $4 11. Nxe5 Nc3
$4 {Schwarz strebt den Schönheitspreis an; er wird aber grausam enttäuscht.}
12. bxc3 Nxa2+ 13. Kb2 Nxc3 14. Qxc3 Bb4 15. Qb3 O-O 16. c5 f6 17. Nec4 {
1-0, Tsorbatzoglou,T-Papachristou,N, Katerini op 1992, EXP 32.}) 8... e5 9.
Qxb7 (9. c5 {wurde mindestens zwei Mal gespielt, mit schlechten Resultaten für
Weiß; die Sache ist aber natürlich keineswegs klar und bedarf sorgfältiger
Analyse:} exf4 10. exf4 b6 11. Ne5 bxc5 12. Qb7 Bd7 13. Nxd7 Nxd7 14. Qxc6 Rc8
15. Qxd5 cxd4 16. Bb5 $6 {ist der einzige Zug, der bis jetzt in der Praxis
erprobt wurde.} Bb4+ $2 17. Kd1 $6 O-O 18. Qxd7 Qh4 19. g3 Qh5+ 20. Be2 Qc5 21.
Nd2 Qc2+ 22. Ke1 Qxd2+ 23. Kf1 Rfd8 24. Qb7 d3 25. Bg4 Rc2 26. Qf3 f5 27. Bh3
Bc5 {Titlianov,Y-Kozlov,O, Kemerovo 1991, TD 91/03. Das Ergebnis ist mit 1-0
angegeben, doch glaube ich eher, daß es 0-1 lautete.}) 9... Rb8 {Auf} (9...
exf4 {(L. Ftacnik in den Anmerkungen zur Partie Epishin,V-Kuprejtchik,V,
Daugavpils 1989, CBM 16) folgt} 10. Ne5 Bd7 11. Nxc6 {und Weiß gewinnt.}) 10.
Qxc6+ Bd7 11. Qxf6 (11. Qa6 {(L. Ftacnik, loc. cit.)} exf4 {sieht allzu
riskant für Weiß aus.}) 11... Qxf6 12. Bxe5 Qb6 13. b3 (13. Nbd2 $2 {ist
schwach:} Qxb2 14. Rb1 Qxb1+ 15. Nxb1 Rxb1+ 16. Kd2 Bb4+ 17. Kc2 Bf5+ 18. Bd3
Rxh1 19. Bxh8 Bxd3+ 20. Kxd3 dxc4+ 21. Kxc4 Bd6 $17 {und Schwarz gewann:
Angelov,R-Hector,J, Katerini op 1992, EXP 32.}) 13... Bb4+ 14. Nbd2 (14. Nfd2
$5 O-O 15. Bxb8 Rxb8 16. Bd3 dxc4 17. Bxc4 Qa5 18. Ke2 Qg5 19. Nf3 Qxg2 20. Rg1
Qh3 21. Nbd2 Bxd2 22. Rg3 Qf5 23. Kxd2 Bb5 $13 {geschah in der Partie Alterman,
V-Rublevskij,S, Sotschi 1990, TD 90/02. Die Partie endete nach 40 Zügen mit
Remis.}) 14... O-O 15. Bxb8 Rxb8 16. Bd3 {Dies ist ein neuer Zug, der dem
Weißen ohne Komplikationen ein gutes Spiel verschafft. Die Vorgänger nahmen
auf d5; auch dies scheint gut zu sein:} (16. cxd5 Qa5 17. Bc4 (17. h3 $6 Bxd2+
18. Nxd2 Rxb3 $17) 17... Bg4 18. O-O {Da ist die Neuerung! In der Partie
Ionescu,Co-Shabalov,A, Bern op 1992, CBM 28, geschah} (18. Rd1 Bxf3 19. gxf3
Qxa2 20. Ke2 a5 21. d6 Kg7 22. d7 Rd8 23. Bb5 $2 Bxd2 24. Rxd2 Qxb3 {und
Schwarz gewann rasch (In dieser Partie waren nach 5.Lf4 die Züge 5...Da5+ 6.
Ld2 Dd8 7.Lf4 eingeschaltet worden, so daß Ta1-d1 in Wirklichkeit der
zwanzigste Zug war.). Der Textzug ist stärker.}) 18... Bxd2 19. Ne5 Bf5 20. a3
$2 {Aber diese Feinheit begreife ich nicht. Nach} (20. Nc6 $142 Qb6 21. Rad1
Bc3 22. Nxb8 Qxb8 23. f3 Qb6 24. Rf2 h5 25. Bd3 {ist die Aufgabe des Schwarzen
nicht beneidenswert.}) 20... Qc3 21. d6 Kg7 (21... Be6 22. Rfd1 Qc2 23. Bd3 Qb2
24. Rab1 Qa2 25. Ra1 $10) 22. Nxf7 $6 (22. Bxf7 $5 Rd8 23. Ra2 $13) 22... Rb6
$2 (22... Bd3 {sollte zum Gewinn führen. Der weißfeldrige Läufer gibt der
Stellung des Anziehenden hauptsächlich Halt (vgl. den 25. Zug von Schwarz).
Der Textzug sieht ganz sinnlos aus.}) 23. e4 $2 (23. Ra2 Rxb3 24. Bxb3 Qxb3 25.
Rxd2 Kxf7 {führt zu einer unklaren Stellung, die sich vielleicht im
Gleichgewicht befindet. Der Textzug gibt dem schwarzfeldrigen Läufer des
Nachziehenden Raum und lockert die Bauernstruktur im Zentrum auf riskante
Weise.}) 23... Bc8 24. Rfd1 Bf4 25. e5 {Damit benimmt Weiß seinem Springer das
wichtigste Rückzugsfeld. Es gibt jedoch keine befriedigende Verteidigung gegen
die Drohung 25...Ld6:} (25. Bd5 Bg4 26. f3 Bxf3 $19) 25... Rxb3 $19 26. Bxb3
Qxb3 27. Nd8 (27. d7 Bxd7 28. Nd6 Qd5 {führt ebenfalls zu einer für Weiß
hoffnungslosen Stellung.}) (27. g3 {scheitert natürlich an} Qf3) 27... Qb6 28.
g3 Qxd8 $2 (28... Bh6 $19 {gewann ohne weiteres.}) 29. gxf4 Qh4 30. f3 $2 (30.
Rd3 Qxf4 31. Re1 {mit unklarer Stellung. Nach dem Textzug fällt die Stellung
des Weißen auseinander; es geht über seine Kräfte, den Punkt f3 zusätzlich zu
verteidigen.}) 30... Qxf4 31. Kf2 Bb7 32. Rd3 Ba6 33. d7 Qxh2+ 34. Ke3 Qh6+ 35.
Ke2 Qh4 36. Kd2 Kf7 37. d5 Ke7 38. e6 Qf2+ 39. Kc3 Qc5+ 40. Kd2 Bxd3 41. Rc1
Qd4 42. Rc8 Bb5+ 43. Kc2 Bxd7 {0-1 Alburt,L-Shabalov,A/USA-ch 1996}) 16... Qa5
17. Ke2 Bg4 18. h3 $6 ({Die Fortsetzung} 18. Rhd1 Bc3 19. Rac1 Bxf3+ 20. gxf3 {
verschafft dem Weißen ein prächtiges Spiel.}) 18... Bxf3+ 19. Nxf3 Bc3 20. Rac1
dxc4 21. Bxc4 Qxa2+ 22. Kd3 Ba5 23. b4 $1 ({Die Folge} 23. Rhf1 Rxb3+ 24. Ke4 (
24. Bxb3 Qxb3+ 25. Ke4 (25. Ke2 Qb5+ {wäre ganz fatal für Weiß.}) 25... Qb7+
26. Kd3 {läßt dem Weißen keinerlei Gewinnhoffnungen.}) 24... Kg7 {birgt für
Weiß ein zu großes Risiko.}) 23... Qa3+ 24. Rc3 Qxb4 25. Rb3 Qd6 26. Rhb1 Bb6 (
{Nach} 26... Rxb3+ 27. Rxb3 {mit den Drohungen 28.Tb7 und 28.Se5 hat Schwarz
große Schwierigkeiten. Er hält deshalb die b-Linie geschlossen.}) 27. Ne5 Rb7
28. g4 Kg7 29. g5 f6 30. gxf6+ Qxf6 31. Bd5 Rc7 32. f4 Qf5+ 33. Be4 Qxh3 34.
Nc4 Re7 35. Rb5 (35. Nxb6 Qe6 {ist nicht empfehlenswert für Weiß.}) 35... Bc7
36. f5 Qg4 37. Nd2 a6 38. Rc5 gxf5 39. Bxf5 Qg3 40. Ne4 Qf3 41. Bxh7 Bf4 42.
Rg1+ Kxh7 43. Nf6+ Kh6 44. Ng8+ Kh7 45. Nf6+ Kh6 46. Ng8+ Kh7 1/2-1/2

[Event "Dhaka"]
[Site "Dhaka"]
[Date "1995.??.??"]
[Round "1"]
[White "Krasenkow, Michal"]
[Black "Reefat, Bin Sattar"]
[Result "1-0"]
[WhiteElo "2575"]
[BlackElo "2430"]
[Annotator "Huebner,R"]
[PlyCount "85"]
[EventDate "1995.??.??"]
[EventType "tourn"]
[EventRounds "13"]
[EventCountry "BAN"]
[EventCategory "9"]
[SourceTitle "CBM 048"]
[Source "ChessBase"]
[SourceDate "1995.10.01"]
[SourceVersion "1"]
[SourceVersionDate "1995.10.01"]
[SourceQuality "1"]

1. d4 d5 2. c4 dxc4 3. Nf3 c6 4. e3 b5 5. a4 e6 6. Ne5 {Dies ist anscheinend
ein neuer Zug. Üblich ist 6.ab5 cb5 7.b3.} Nf6 7. Nc3 b4 (7... Bb4 $5) (7...
Qb6 $5) 8. Nb1 Nbd7 9. Nxc4 Be7 10. Be2 O-O 11. O-O c5 12. a5 Ba6 13. b3 Qc7
14. Bb2 cxd4 15. exd4 Nd5 16. Nbd2 Rac8 17. Rc1 Nf4 18. Re1 Nxe2+ 19. Qxe2 Nf6
20. Ne4 Qf4 21. Nc5 Bxc5 22. dxc5 Rxc5 23. Be5 Qh6 24. Bd6 Rh5 25. Qe3 Qxe3 26.
Nxe3 Ra8 27. Rc5 Rxc5 28. Bxc5 Ne4 29. Bxb4 Rb8 30. Rd1 f5 31. Nc2 Be2 32. Rd7
Rc8 33. Ne1 Rb8 34. Be7 Rxb3 35. f3 Bb5 36. Rxa7 Nc3 37. a6 Rb1 38. Bh4 Ra1 39.
Ra8+ Kf7 40. a7 g5 41. Bf2 Ne2+ 42. Kh1 Nd4 43. Rd8 1-0

[Event "POL Supercup"]
[Site "Warsaw"]
[Date "2001.06.23"]
[Round "1"]
[White "Miton, Kamil"]
[Black "Bareev, Evgeny"]
[Result "1-0"]
[WhiteElo "2497"]
[BlackElo "2709"]
[Annotator "Huebner,R"]
[PlyCount "77"]
[EventDate "2001.06.23"]
[EventType "team"]
[EventRounds "2"]
[EventCountry "POL"]
[SourceTitle "CBM 084"]
[Source "ChessBase"]
[SourceDate "2001.09.13"]
[SourceVersion "1"]
[SourceVersionDate "2001.09.13"]
[SourceQuality "1"]

1. d4 d5 2. c4 c6 3. e3 Nf6 4. Nf3 Bg4 5. h3 Bh5 6. Nbd2 Nbd7 7. Qb3 Qb6 8. g4
Bg6 9. Nh4 Qxb3 10. Nxb3 dxc4 11. Bxc4 Be4 12. f3 Bd5 13. Bxd5 Nxd5 14. e4 $6 (
14. Bd2 {sieht natürlicher aus.}) 14... Nb4 15. Kd2 e5 $6 ({Mit} 15... e6 16.
a3 Na6 17. Kc2 Be7 18. Ng2 c5 {konnte Schwarz ein völlig befriedigendes Spiel
erreichen.}) 16. a3 Na6 17. Kc2 exd4 18. Nxd4 g6 19. b3 O-O-O ({Passiv, aber
solide war die Fortsetzung} 19... Bg7 20. Bb2 O-O) 20. Bb2 Be7 21. Ng2 Nc7 22.
Ne3 Rhe8 23. Rad1 Nb6 24. h4 c5 25. Ne2 Rxd1 26. Rxd1 Bxh4 27. Rh1 Bg5 28. f4
Bd8 $2 ({Die Fortsetzung} 28... Rxe4 29. Kd3 Rxf4 30. Nxf4 Bxf4 31. Ng2 ({Nach
} 31. Rxh7 Bxe3 32. Kxe3 c4 {hat Schwarz genügendes Gegenspiel.}) 31... Bg5 32.
Rxh7 f5 {bot gute Remisaussichten.}) 29. e5 g5 $2 (29... Rh8 30. e6 f6 31. f5
gxf5 32. gxf5 Nbd5 {mußte jedenfalls versucht werden.}) 30. Nf5 $18 Rf8 31.
Nd6+ Kd7 32. f5 Nbd5 33. Rxh7 Ne3+ 34. Kd3 Nxg4 35. Nxf7 Kc6 36. e6 Bf6 37.
Bxf6 Nxf6 38. Rh6 Ncd5 39. Nc3 1-0

[Event "Sarajevo Bosnia 32nd"]
[Site "Sarajevo"]
[Date "2002.05.24"]
[Round "3"]
[White "Georgiev, Kiril"]
[Black "Sokolov, Ivan"]
[Result "1/2-1/2"]
[WhiteElo "2654"]
[BlackElo "2647"]
[Annotator "Huebner,R"]
[PlyCount "89"]
[EventDate "2002.05.22"]
[EventType "tourn"]
[EventRounds "9"]
[EventCountry "BIH"]
[EventCategory "16"]
[SourceTitle "CBM 090"]
[Source "ChessBase"]
[SourceDate "2002.09.20"]
[SourceVersion "1"]
[SourceVersionDate "2002.09.20"]
[SourceQuality "1"]

1. c4 Nf6 2. d4 c6 3. Nf3 d5 4. e3 Bg4 {Ein ungebräuchliches Verfahren:
Schwarz gibt seinen weißfeldrigen Läufer gegen den Königsspringer ab, ohne den
Weißen zu irgendwelchen Konzessionen (wie nach 4...Lf5 5.Sc3 e6 6.Sh4 Le4) zu
zwingen. Dies scheint spielbar zu sein; in der Partie hat Weiß zunächst keinen
Vorteil.} 5. h3 Bxf3 6. Qxf3 e6 7. Nc3 Bd6 8. Bd2 O-O 9. Bd3 Nbd7 10. O-O Qe7
11. b3 Rfe8 (11... a6 {kommt in Betracht.}) 12. Qd1 a6 $2 {Schwarz bereitet
e6-e5 vor, aber dazu hat er die Zeit nicht mehr. Nach} (12... e5 13. cxd5 Nxd5
(13... cxd5 14. Nb5 Bb8 15. Rc1 {sieht unbequem für Schwarz aus.}) 14. Nxd5
cxd5 {hat er nicht viel zu befürchten.}) 13. c5 Bc7 14. f4 Rad8 15. Qf3 $6 ({
Nach} 15. b4 {hätte Schwarz es schwer gehabt, Gegnspiel zu bekommen:} Ne4 16.
Nxe4 dxe4 17. Bxe4 e5 18. fxe5 Nxe5 19. dxe5 Qxe5 20. Bf3 {ist nicht
zureichend, wie es scheint.}) 15... e5 {Wenn Schwarz nichts unternimmt, wird
er auf beiden Flügeln überrollt; Weiß kann sowohl mit b3-b4, a2-a4 und b4-b5
als auch mit g2-g4 vorgehen, wobei er mit der Aktivität am Damenflügel
einsetzen sollte.} 16. fxe5 Nxe5 $6 (16... Bxe5 {bot vielleicht bessere
Rettungsaussichten:} 17. dxe5 Nxe5 18. Qe2 Nxd3 19. Qxd3 Qxc5 20. Rf4 $16 {usw.
}) 17. dxe5 Qxe5 18. g3 $2 ({Nach} 18. Ne2 {sehe ich keine Rettung für Schwarz:
} Ne4 (18... Qh2+ 19. Kf2 Ne4+ 20. Ke1 {, und die Initiative des Schwarzen ist
zu Ende.}) 19. Qxf7+ Kh8 20. Bxe4 Qh2+ (20... dxe4 21. Bc3 $18) 21. Kf2 Rf8 22.
Qxf8+ Rxf8+ 23. Bf3 {Weiß sollte gewinnen.}) 18... Ba5 19. Nb1 Bc7 ({Zum
Verlust führt} 19... Qxa1 20. Bxa5 Rd7 21. Bc3 Qxa2 22. Bxf6 $18) (19... Bxd2
20. Nxd2 Qc3 (20... Qxe3+ 21. Qxe3 Rxe3 22. Rf3 {sieht hoffnungslos für
Schwarz aus.}) 21. Qe2 Qxc5 22. Rae1 Re6 {kam dagegn auch in Betracht.}) 20.
Nc3 (20. Na3 Rd7 ({Andere Fortsetzungen sind hoffnungslos für Schwarz:} 20...
Ne4 21. Bxe4 dxe4 22. Qxf7+ Kh8 23. Qf2 $18) (20... Qxg3+ 21. Qxg3 Bxg3 22. Nc2
$18) 21. Rad1 (21. Nc2 Ne4 22. Be1 (22. Rad1 {Zu unklarem Spiel führt} Nxg3) ({
oder} 22. Bxe4 dxe4 23. Qf2 Qxc5) 22... Nxc5 {überläßt dem Schwarzen schöne
Kompensation.}) 21... Ne4 22. Bxe4 dxe4 23. Qf2 Red8 24. Nc4 Qxg3+ (24... Qxc5
25. Bc3) 25. Qxg3 Bxg3 26. Kg2 Bc7 27. Kf2 {, und Weiß sollte schließlich
gewinnen.}) 20... Ba5 21. Rac1 $2 ({Bessere Aussichten bot} 21. Nb1 Bc7 22. Na3
{, wie oben dargelegt.}) 21... d4 22. Nb1 Bxd2 23. Nxd2 dxe3 24. Nc4 Qxc5 25.
Be2 Qe7 {Es ist eine ungefähr ausgeglichene Stellung entstanden.} 26. Rc3 Nd5
27. Rd3 b5 28. Na5 (28. Nb2 Rd6 {sieht nicht besonders erfreulich für Weiß aus.
}) 28... Qc7 29. Nxc6 {Weiß revanchiert sich für 15...e5.} (29. b4 {dürfte
aber zum Ausgleich genügen.} Nxb4 30. Rxd8 Rxd8 31. a3 Nc2 32. Nxc6 Rd6 33. Rd1
h6 34. Nb4 {usw.}) 29... Qxc6 30. Qxf7+ Kh8 31. Rfd1 Re5 32. h4 ({Die
Fortsetzung} 32. Bf3 e2 33. Bxe2 Rxe2 34. Rxd5 Rde8 35. Rf1 h6 {wird zu einer
für Weiß kaum haltbaren Stellung führen.}) 32... h6 33. a4 bxa4 34. bxa4 Qc5 ({
Auch nach} 34... Qd6 35. Qf3 Qe6 36. Qg2 {kann Schwarz nur schwer weiterkommen.
}) 35. Qf3 a5 36. Rd4 Qc2 37. g4 (37. Rxd5 Rexd5 38. Rxd5 Rxd5 39. Qxd5 Qxe2
40. Qa8+ Kh7 41. Qe4+ {führte sofort zum Remis.}) 37... Qc5 38. Kh1 Qe7 {
Auch mit anderen Zügen sehe ich kein Weiterkommen für Schwarz.} 39. Rxd5 Rexd5
40. Rxd5 Rxd5 41. Qxd5 Qxh4+ 42. Kg2 Qf2+ 43. Kh3 Qxe2 44. Qa8+ Kh7 45. Qe4+
1/2-1/2

[Event "Donner Memorial"]
[Site "Amsterdam"]
[Date "1996.08.28"]
[Round "10"]
[White "Adianto, Utut"]
[Black "Piket, Jeroen"]
[Result "1/2-1/2"]
[WhiteElo "2605"]
[BlackElo "2580"]
[Annotator "Huebner,R"]
[PlyCount "71"]
[EventDate "1996.08.17"]
[EventType "tourn"]
[EventRounds "11"]
[EventCountry "NED"]
[EventCategory "16"]
[SourceTitle "CBM 055"]
[Source "ChessBase"]
[SourceDate "1996.12.01"]
[SourceVersion "1"]
[SourceVersionDate "1996.12.01"]
[SourceQuality "1"]

1. d4 d5 2. c4 c6 3. Nf3 Nf6 4. g3 Bf5 5. Qb3 Qb6 6. c5 Qxb3 7. axb3 Na6 $10 8.
Bd2 {Weiß verhindert Sa6-b4 und bereitet b3-b4 vor; mit seinem folgenden Zug
setzt sich Schwarz dagegen zur Wehr.} Ne4 9. e3 Nxd2 10. Kxd2 Nc7 (10... Nb4 $5
) 11. Nc3 f6 12. b4 a6 13. Nh4 Bd7 14. Na4 Rd8 15. Nb6 g6 16. Bd3 e5 17. f4 e4
18. Be2 f5 19. Rhc1 Be7 20. Ng2 Be6 21. h3 Kf7 22. Rh1 h6 23. h4 h5 24. Ne1 Rb8
25. Nc2 Bd8 26. Rhc1 Kf6 27. b5 axb5 28. Nb4 Rh7 29. Ra7 Re7 30. Rca1 Kf7 31.
Kc3 Ke8 32. R1a3 Bf7 33. Kd2 Be6 34. Bf1 Bf7 35. Be2 Be6 36. Bf1 1/2-1/2